[Event "World Rapid Team 2023"]
[Site "Dusseldorf GER"]
[Date "2023.08.26"]
[Round "2.12"]
[Board "1"]
[White "Haasler, Andreas"]
[Black "Zuferi, Enis"]
[Result "0-1"]
[BlackTitle "FM"]
[WhiteElo "2222"]
[BlackElo "2367"]
[WhiteTeam "MagdeBurg and Friends"]
[BlackTeam "Heilbronn Hustlers"]
[WhiteFideId "4658906"]
[BlackFideId "24692530"]
[EventDate "2023.08.26"]

1. Nf3 Nf6 2. c4 g6 3. b3 Bg7 4. Bb2 O-O 5. g3 b6 6. Bg2 Bb7 7. O-O c5 8. d4 d5
9. dxc5 dxc4 10. Qxd8 Rxd8 11. cxb6 axb6 12. bxc4 Nbd7 13. Na3 Rdc8 14. Rfc1 Bh6
15. e3 Nc5 16. Ne5 Bxg2 17. Kxg2 Bg7 18. Nb5 Ng4 19. f4 Nxe5 20. Bxe5 Nd3 21.
Rc2 Bxe5 22. fxe5 Nxe5 23. Rac1 Ra4 24. Nd4 Raxc4 25. Rxc4 Rxc4 26. Rb1 Ra4 27.
Rb2 Ra3 28. Nc2 Rd3 29. Nb4 Rd1 30. e4 e6 31. h3 Rd4 32. Na6 Rxe4 33. Rxb6 Re2+
34. Kf1 Rxa2 35. Nc5 Nf3 36. Rb8+ Kg7 37. Rb7 e5 38. g4 Rc2 39. Ne6+ Kf6 40. Nd8
e4 41. Rxf7+ Ke5 42. h4 Kd4 43. Ra7 e3 44. Rd7+ Ke4 45. Re7+ Kf4 0-1

[Event "World Rapid Team 2023"]
[Site "Dusseldorf GER"]
[Date "2023.08.26"]
[Round "2.12"]
[Board "2"]
[White "Peng, Xiang-Tobias"]
[Black "Niering, Martin"]
[Result "1-0"]
[WhiteElo "2119"]
[BlackElo "2156"]
[WhiteTeam "Heilbronn Hustlers"]
[BlackTeam "MagdeBurg and Friends"]
[WhiteFideId "12964328"]
[BlackFideId "4612817"]
[EventDate "2023.08.26"]

1. e4 d6 2. Nc3 Nf6 3. d4 e5 4. Nf3 Nbd7 5. Bg5 Be7 6. Bh4 O-O 7. Bc4 c6 8. O-O
b5 9. Bd3 b4 10. Ne2 exd4 11. Nexd4 Nb8 12. e5 dxe5 13. Nxe5 Qb6 14. Nc4 Qc5 15.
Nb3 Qd5 16. Re1 Bg4 17. f3 Be6 18. Ne5 Nbd7 19. Nxd7 Qxd7 20. Be4 Qc7 21. Bg3
Qb6+ 22. Bf2 Qc7 23. Nd4 Bd5 24. Bxd5 Nxd5 25. Qd3 Bf6 26. Qc4 Rac8 27. Rad1 a5
28. a3 Qb7 29. Nf5 Rfd8 30. axb4 Qxb4 31. Qxb4 Nxb4 32. Bb6 Rd5 33. Rxd5 Nxd5
34. Bxa5 Bxb2 35. c4 g6 36. cxd5 gxf5 37. d6 Bd4+ 38. Kf1 Bf6 39. d7 Rf8 40. Re8
Kg7 41. Bc3 1-0

[Event "World Rapid Team 2023"]
[Site "Dusseldorf GER"]
[Date "2023.08.26"]
[Round "2.12"]
[Board "3"]
[White "Katz, Roland"]
[Black "Geshnizjani, Ramin"]
[Result "0-1"]
[WhiteElo "2035"]
[BlackElo "2141"]
[WhiteTeam "MagdeBurg and Friends"]
[BlackTeam "Heilbronn Hustlers"]
[WhiteFideId "4623916"]
[BlackFideId "24633089"]
[EventDate "2023.08.26"]

1. e4 c5 2. f4 d5 3. Nc3 dxe4 4. Nxe4 e6 5. Nf3 Be7 6. g3 Nf6 7. Nf2 O-O 8. Bg2
Nc6 9. O-O Rb8 10. b3 Nd5 11. Bb2 Bf6 12. Bxf6 Nxf6 13. Nd3 b6 14. h3 Ba6 15.
Nfe1 Nd4 16. c4 Bb7 17. Ne5 Bxg2 18. Kxg2 Ne4 19. d3 Nd6 20. N1f3 N6f5 21. Qd2
Rb7 22. g4 Nxf3 23. Nxf3 Nd4 24. Nxd4 Qxd4 25. Rae1 Rd7 26. Rf3 Rfd8 27. Ree3
Qa1 28. Rf1 Qf6 29. Rff3 Rd4 30. Qf2 R8d7 31. Kg3 Qd8 32. Qe2 Qc7 33. g5 g6 34.
Re5 Rd8 35. h4 R8d6 36. h5 gxh5 37. Kh4 Qd8 38. Kxh5 Rxd3 39. f5 Rd2 40. Qe3
Rh2+ 41. Kg4 h5+ 42. Kg3 Rdd2 43. fxe6 Rhg2+ 44. Kh3 Rh2+ 45. Kg3 Rdg2+ 46. Kf4
fxe6 47. Rg3 Qf8+ 48. Ke4 Re2 49. Rxe6 Rh4+ 50. Kd5 Rxe3 51. Rgxe3 Rd4+ 52. Kc6
Rd8 53. Rg6+ Kh7 54. Ree6 Rc8+ 55. Kb5 Qf7 56. Rh6+ Kg7 57. Rhf6 Qd7+ 58. Ka6
Qd3 59. Re7+ Kg8 60. Ree6 h4 61. Rg6+ Kf7 62. Rgf6+ Kg7 63. Re7+ Kg8 64. Rxa7 h3
65. Rh6 Qf5 66. g6 Rd8 67. g7 Rd7 68. Ra8+ Kxg7 69. Rhh8 Rf7 70. a4 Rf8 71.
Rhxf8 Qxf8 72. Ra7+ Kg6 0-1

[Event "World Rapid Team 2023"]
[Site "Dusseldorf GER"]
[Date "2023.08.26"]
[Round "2.12"]
[Board "4"]
[White "Diller, Daniel"]
[Black "Berndt, Matthias"]
[Result "1-0"]
[WhiteElo "2120"]
[BlackElo "2072"]
[WhiteTeam "Heilbronn Hustlers"]
[BlackTeam "MagdeBurg and Friends"]
[WhiteFideId "12908983"]
[BlackFideId "4622839"]
[EventDate "2023.08.26"]

1. d4 d5 2. Bf4 Nf6 3. e3 e6 4. Nd2 c5 5. Ngf3 Nc6 6. c3 Bd6 7. Bg3 a6 8. Bd3
O-O 9. Ne5 Qc7 10. f4 b5 11. O-O b4 12. Bh4 Be7 13. Qf3 bxc3 14. bxc3 Bb7 15.
Qh3 h6 16. Bxf6 Bxf6 17. Ng4 Qd8 18. Rab1 Rb8 19. Rf3 Re8 20. Nxh6+ Kf8 21. Ng4
cxd4 22. cxd4 Qa5 23. Nb3 Qc3 24. Bf1 Qc2 25. Rc1 Qxa2 26. Nc5 Qd2 27. Rb1 Nb4
28. Rf2 Qc3 29. Nd7+ Ke7 30. Nxb8 Rxb8 31. Nxf6 gxf6 32. f5 Bc8 33. fxe6 Bxe6
34. Qg3 Rb6 35. Qf4 f5 36. Rfb2 Nd3 37. Qh4+ 1-0

[Event "World Rapid Team 2023"]
[Site "Dusseldorf GER"]
[Date "2023.08.26"]
[Round "2.12"]
[Board "5"]
[White "Schuster, Rebekka"]
[Black "Schaefer, Daniel"]
[Result "0-1"]
[WhiteElo "1807"]
[BlackElo "1884"]
[WhiteTeam "MagdeBurg and Friends"]
[BlackTeam "Heilbronn Hustlers"]
[WhiteFideId "24674095"]
[BlackFideId "16235088"]
[EventDate "2023.08.26"]

1. e4 e5 2. Nf3 Nc6 3. Bc4 Bc5 4. c3 Nf6 5. d3 O-O 6. O-O d5 7. exd5 Nxd5 8. b4
Be7 9. b5 Na5 10. Nxe5 Bf6 11. Bxd5 Qxd5 12. Nf3 Bg4 13. d4 Qxb5 14. Ba3 Rfe8
15. Nbd2 b6 16. Rb1 Qd3 17. Qc1 Rad8 18. h3 Bh5 19. g4 Bg6 20. g5 Be7 21. Bxe7
Rxe7 22. Ne5 Qxh3 23. Rb2 Qf5 24. Ndc4 Nxc4 25. Nxc4 Qg4+ 26. Kh2 Re4 27. Ne5
Qh5+ 28. Kg1 Rh4 29. f4 Rh1+ 30. Kf2 Rh2+ 31. Ke1 Qh4+ 32. Rff2 Rh1+ 0-1

[Event "World Rapid Team 2023"]
[Site "Dusseldorf GER"]
[Date "2023.08.26"]
[Round "2.12"]
[Board "6"]
[White "Spiegelberg, Silvia"]
[Black "Meffert, Claudia"]
[Result "1-0"]
[WhiteElo "1934"]
[BlackElo "1733"]
[WhiteTeam "Heilbronn Hustlers"]
[BlackTeam "MagdeBurg and Friends"]
[WhiteFideId "24654450"]
[BlackFideId "12961515"]
[EventDate "2023.08.26"]

1. e4 e5 2. Nf3 Nc6 3. d4 d6 4. dxe5 dxe5 5. Qxd8+ Kxd8 6. Bc4 f6 7. O-O Bd6 8.
Nc3 a6 9. a3 Nge7 10. Be3 Bd7 11. b4 b5 12. Bb3 Ke8 13. Ne2 a5 14. c3 a4 15. Ba2
Rc8 16. c4 bxc4 17. Bxc4 Nb8 18. Rfd1 Nec6 19. Nc3 Ne7 20. Nb5 Rf8 21. Rac1 f5
22. Rxd6 cxd6 23. Nxd6+ Kd8 24. Bb6+ Rc7 25. Nxe5 Nc8 26. Ndf7+ Ke7 27. Bxc7 Nc6
28. Rd1 Nxe5 29. Nxe5 Be6 30. Nc6+ Kf6 31. e5+ Kf7 32. Rd7+ 1-0

[Event "World Rapid Team 2023"]
[Site "Dusseldorf GER"]
[Date "2023.08.26"]
[Round "2.13"]
[Board "1"]
[White "Bologan, Victor"]
[Black "Shamsi, Mohammadhossein"]
[Result "1-0"]
[WhiteTitle "GM"]
[BlackTitle "CM"]
[WhiteElo "2574"]
[BlackElo "2217"]
[WhiteTeam "FIDE Management Board"]
[BlackTeam "PhileKhoob Chess Club"]
[WhiteFideId "13900048"]
[BlackFideId "12507326"]
[EventDate "2023.08.26"]

1. e4 c5 2. Nf3 d6 3. c3 Nf6 4. Bd3 g6 5. Bc2 Bg7 6. d4 O-O 7. O-O cxd4 8. cxd4
d5 9. e5 Ne4 10. h3 Nc6 11. Re1 Be6 12. Nc3 Qb6 13. Be3 Qxb2 14. Nxe4 dxe4 15.
Bxe4 Rad8 16. Qa4 Bd5 17. Bxd5 Rxd5 18. Rab1 Ra5 19. Qxa5 Qxb1 20. Rxb1 Nxa5 21.
Bd2 Nc6 22. Rxb7 Rd8 23. Kf1 f6 24. Rc7 Nxd4 25. Nxd4 Rxd4 26. Be3 Rb4 27. e6
Bf8 28. Rxa7 Re4 29. a4 Rxe6 30. a5 Re4 31. a6 f5 32. Ra8 f4 33. Bc5 1-0

[Event "World Rapid Team 2023"]
[Site "Dusseldorf GER"]
[Date "2023.08.26"]
[Round "2.13"]
[Board "2"]
[White "Juegel, Marcel"]
[Black "Short, Nigel D"]
[Result "0-1"]
[BlackTitle "GM"]
[WhiteElo "2164"]
[BlackElo "2592"]
[WhiteTeam "PhileKhoob Chess Club"]
[BlackTeam "FIDE Management Board"]
[WhiteFideId "24621625"]
[BlackFideId "400025"]
[EventDate "2023.08.26"]

1. d4 Nf6 2. Nc3 d5 3. Bf4 a6 4. e3 b5 5. a3 h6 6. Nf3 e6 7. Ne5 c5 8. g4 Nbd7
9. Nxd7 Qxd7 10. Rg1 Bb7 11. f3 Rc8 12. Qd2 Bd6 13. Bg3 Qe7 14. h4 Bxg3+ 15.
Rxg3 Nd7 16. Rh3 Nb6 17. dxc5 Qxc5 18. Qd4 O-O 19. f4 Rc7 20. h5 f6 21. Rd1 Re8
22. g5 e5 23. Qxc5 Rxc5 24. gxf6 exf4 25. f7+ Kxf7 26. Rd4 fxe3 27. Rf3+ Kg8 28.
Bd3 Nd7 29. Bg6 Re7 30. Ne2 Nf6 31. c3 Bc8 32. Nf4 Bd7 33. Nd3 Rc4 34. Rxc4 dxc4
35. Nc5 Bg4 36. Rf4 Re5 37. Rd4 Kf8 38. Nxa6 Bxh5 39. Bxh5 Nxh5 40. Nc7 g5 41.
Rd6 Nf4 42. Rxh6 e2 0-1

[Event "World Rapid Team 2023"]
[Site "Dusseldorf GER"]
[Date "2023.08.26"]
[Round "2.13"]
[Board "3"]
[White "Al-Mudahka, Mohd"]
[Black "Kuckling, Hannah"]
[Result "1-0"]
[WhiteTitle "GM"]
[BlackTitle "WFM"]
[WhiteElo "2542"]
[BlackElo "2057"]
[WhiteTeam "FIDE Management Board"]
[BlackTeam "PhileKhoob Chess Club"]
[WhiteFideId "12100030"]
[BlackFideId "24603660"]
[EventDate "2023.08.26"]

1. e4 c5 2. Nc3 e6 3. f4 d5 4. Nf3 Nc6 5. Bb5 Nf6 6. Qe2 Be7 7. O-O O-O 8. Bxc6
bxc6 9. d3 Ba6 10. b3 Rb8 11. Kh1 Qc7 12. e5 Nd7 13. Re1 c4 14. dxc4 dxc4 15.
Qf2 Nb6 16. Ne4 Nd5 17. Be3 Rfd8 18. Bxa7 Ra8 19. Be3 Bb4 20. Bd2 Bxd2 21. Nfxd2
cxb3 22. axb3 Nb4 23. Nf3 Bb7 24. Nc5 Nd5 25. Nd2 Nc3 26. Nc4 Nb5 27. h3 Rxa1
28. Rxa1 Ra8 29. Rxa8+ Bxa8 30. Qd2 h6 31. Nd6 Qb6 32. b4 Nc7 33. c4 Na6 34.
Nxa6 Qxa6 35. c5 Bb7 36. Kh2 Qa8 37. Nc4 Ba6 38. Nb6 Qb8 39. Qd6 Qb7 40. Qd8+
Kh7 41. Qd7 Qxd7 42. Nxd7 Kg6 43. g4 f6 44. Kg3 Kf7 45. h4 g5 46. Nxf6 gxh4+ 47.
Kxh4 Bc4 48. Ne4 Bd3 49. Nd6+ Kg7 50. f5 exf5 51. gxf5 1-0

[Event "World Rapid Team 2023"]
[Site "Dusseldorf GER"]
[Date "2023.08.26"]
[Round "2.13"]
[Board "4"]
[White "Bahmani, Koorosh"]
[Black "Iashvili, Akaki"]
[Result "1-0"]
[BlackTitle "IM"]
[WhiteElo "1873"]
[BlackElo "2342"]
[WhiteTeam "PhileKhoob Chess Club"]
[BlackTeam "FIDE Management Board"]
[WhiteFideId "42576750"]
[BlackFideId "13600281"]
[EventDate "2023.08.26"]

1. Nf3 Nf6 2. g3 g6 3. Bg2 Bg7 4. d4 c5 5. c4 d5 6. O-O O-O 7. dxc5 Na6 8. Nc3
dxc4 9. c6 bxc6 10. Ne5 Bb7 11. Nxc4 Nd5 12. Ne4 c5 13. Qb3 Rb8 14. Rd1 Qc7 15.
Bd2 Bc6 16. Qa3 Nab4 17. Rac1 Bb5 18. Ne3 Bxe2 19. Rxc5 Qe5 20. Re1 Qh5 21. Nxd5
Nxd5 22. Rxd5 1-0

[Event "World Rapid Team 2023"]
[Site "Dusseldorf GER"]
[Date "2023.08.26"]
[Round "2.13"]
[Board "5"]
[White "Reizniece-Ozola, Dana"]
[Black "Shahsanam, Alireza"]
[Result "1-0"]
[WhiteTitle "WGM"]
[WhiteElo "2268"]
[BlackElo "1782"]
[WhiteTeam "FIDE Management Board"]
[BlackTeam "PhileKhoob Chess Club"]
[WhiteFideId "11601124"]
[BlackFideId "12517887"]
[EventDate "2023.08.26"]

1. c4 Nf6 2. Nc3 g6 3. g3 Bg7 4. Bg2 O-O 5. Nf3 d6 6. O-O e5 7. d4 Nc6 8. d5 Ne7
9. h3 Ne8 10. e4 f5 11. Ng5 h6 12. Ne6 Bxe6 13. dxe6 Qc8 14. exf5 gxf5 15. Nd5
Qxe6 16. Nxe7+ Qxe7 17. Bxb7 Rb8 18. Bg2 f4 19. Rb1 fxg3 20. fxg3 Rxf1+ 21. Qxf1
Nf6 22. Be3 a5 23. Qe2 Qf7 24. Rf1 Qg6 25. g4 e4 26. Qc2 Re8 27. Rf5 h5 28. Rg5
Qh6 29. gxh5 Nxh5 30. Qd2 Nf6 31. Rxa5 Qh4 32. Rf5 Nd7 33. Qd5+ 1-0

[Event "World Rapid Team 2023"]
[Site "Dusseldorf GER"]
[Date "2023.08.26"]
[Round "2.13"]
[Board "6"]
[White "Mirzaiee Rad, Javad"]
[Black "Ozols, Andris"]
[Result "0-1"]
[WhiteElo "1721"]
[BlackElo "1490"]
[WhiteTeam "PhileKhoob Chess Club"]
[BlackTeam "FIDE Management Board"]
[WhiteFideId "42543819"]
[BlackFideId "11605456"]
[EventDate "2023.08.26"]

1. e4 c5 2. Nf3 d6 3. d4 cxd4 4. Nxd4 Nf6 5. Nc3 g6 6. Be2 Bg7 7. O-O O-O 8. Be3
Nc6 9. f3 Bd7 10. Qd2 Qc8 11. a4 Ne5 12. b3 a6 13. Rad1 Nc6 14. Kh1 Qc7 15. Na2
Rac8 16. c4 Kh8 17. Bh6 Nxd4 18. Bxg7+ Kxg7 19. Qxd4 Kg8 20. Nc3 Be6 21. Nd5
Bxd5 22. exd5 Nd7 23. Rde1 Nc5 24. Bd1 e5 25. dxe6 Nxe6 26. Qd5 Qb6 27. Bc2 Rc5
28. Qd2 Rh5 29. Qf2 Qxf2 30. Rxf2 Nd4 31. Rd1 Nxc2 32. Rxc2 Rd8 33. Rcd2 Re5 34.
Kg1 Re3 35. Rd3 Rxd3 36. Rxd3 Kf8 37. Kf2 b6 38. Rd5 Ke7 39. Ke3 Kd7 40. Kd4 Re8
41. a5 bxa5 42. Rxa5 Re2 43. Rxa6 Rxg2 44. Ra7+ Ke6 45. b4 Rxh2 46. b5 Rb2 47.
Kc3 Rb1 48. Ra2 Kd7 49. Ra7+ Ke6 50. Ra6 h5 51. b6 Kd7 52. Kc2 Rb4 53. Kc3 Rb1
54. Kc2 Rf1 55. Ra7+ Kc6 56. b7 Kc7 57. Ra3 Kxb7 58. Kd2 Kc6 59. Ke2 Rc1 60. Ra7
Rxc4 61. Rxf7 g5 62. Rf5 Rc5 63. Rf8 Re5+ 64. Kf2 Kd5 65. f4 gxf4 66. Rxf4 Kc5
67. Rh4 d5 68. Kf3 d4 69. Kf4 Rd5 70. Rh2 Kc4 71. Ke4 d3 72. Rd2 Kc3 73. Rd1 Rd8
74. Ke3 Kc2 75. Rd2+ Kc3 76. Rd1 Re8+ 77. Kf4 d2 0-1

[Event "World Rapid Team 2023"]
[Site "Dusseldorf GER"]
[Date "2023.08.26"]
[Round "2.14"]
[Board "1"]
[White "Namale, Ben Nguku"]
[Black "Colbow, Collin"]
[Result "0-1"]
[WhiteTitle "CM"]
[BlackTitle "FM"]
[WhiteElo "1967"]
[BlackElo "2409"]
[WhiteTeam "Kenya Commercial Bank Chess Club"]
[BlackTeam "Deutsche Schachjugend 1"]
[WhiteFideId "10800263"]
[BlackFideId "16201132"]
[EventDate "2023.08.26"]

1. d4 Nf6 2. Bf4 d5 3. Nc3 e6 4. e3 Bb4 5. Bd3 Nbd7 6. Ne2 c5 7. dxc5 Nxc5 8.
O-O O-O 9. a3 Nxd3 10. Qxd3 Be7 11. Rfd1 a6 12. e4 dxe4 13. Qe3 Bd7 14. Ng3 Ng4
15. Qxe4 Bc5 16. Rd2 Qh4 17. h3 Bc6 18. Qc4 Bxf2+ 19. Rxf2 Nxf2 20. Kxf2 e5 21.
Ne2 g5 22. Kg1 gxf4 23. Ne4 Rad8 0-1

[Event "World Rapid Team 2023"]
[Site "Dusseldorf GER"]
[Date "2023.08.26"]
[Round "2.14"]
[Board "2"]
[White "Sidletskyi, Ivan"]
[Black "Magana, Ben"]
[Result "1-0"]
[WhiteTitle "CM"]
[BlackTitle "CM"]
[WhiteElo "2354"]
[BlackElo "2020"]
[WhiteTeam "Deutsche Schachjugend 1"]
[BlackTeam "Kenya Commercial Bank Chess Club"]
[WhiteFideId "14156024"]
[BlackFideId "10800166"]
[EventDate "2023.08.26"]

1. e4 e5 2. Nf3 Nc6 3. Bc4 Nf6 4. d4 exd4 5. e5 d5 6. Bb5 Ne4 7. Nxd4 Bc5 8. Be3
O-O 9. Nxc6 bxc6 10. Bxc5 Nxc5 11. Bxc6 Rb8 12. Qxd5 Qe7 13. O-O Rxb2 14. Na3
Ne6 15. Qa5 Nd4 16. Be4 Qh4 17. Rfe1 Rb6 18. Qc3 Ne6 19. Nc4 Ra6 20. g3 Qh5 21.
f4 Nc5 22. Bf3 Bg4 23. Bxg4 Qxg4 24. Ne3 Ne4 25. Qd3 Nc5 26. Qxa6 1-0

[Event "World Rapid Team 2023"]
[Site "Dusseldorf GER"]
[Date "2023.08.26"]
[Round "2.14"]
[Board "3"]
[White "Methu, Joseph Muragu"]
[Black "Gloeckler, Christian"]
[Result "1-0"]
[BlackTitle "FM"]
[WhiteElo "1989"]
[BlackElo "2318"]
[WhiteTeam "Kenya Commercial Bank Chess Club"]
[BlackTeam "Deutsche Schachjugend 1"]
[WhiteFideId "10804714"]
[BlackFideId "34608966"]
[EventDate "2023.08.26"]

1. d4 Nf6 2. c4 e6 3. Nc3 Bb4 4. a3 Bxc3+ 5. bxc3 c5 6. e3 b6 7. Bd3 Bb7 8. f3
Nc6 9. Ne2 d6 10. O-O Qe7 11. e4 e5 12. f4 h6 13. fxe5 dxe5 14. d5 Na5 15. Ng3
Bc8 16. Be3 Ng4 17. Qf3 Nxe3 18. Qxe3 Qg5 19. Qe2 f6 20. Rf5 Bxf5 21. exf5 h5
22. Ne4 Qg4 23. Qc2 O-O 24. Rf1 Rfd8 25. g3 b5 26. Kg2 Nxc4 27. Bxc4 bxc4 28. h3
Rxd5 29. hxg4 hxg4 30. Rd1 Rad8 31. Rxd5 Rxd5 32. Qe2 Rd3 33. Qxg4 Kf8 34. Nxc5
Rxc3 35. Ne6+ Ke7 36. Qxg7+ Kd6 37. Qc7+ Kd5 38. Qb7+ Kd6 39. Qxa7 Rc2+ 40. Kh3
Kd5 41. Qb7+ Kd6 42. a4 Ra2 43. Qb4+ Kd5 44. Qb5+ Kd6 45. Qxc4 Rf2 46. Qc5+ Kd7
47. Qxf2 1-0

[Event "World Rapid Team 2023"]
[Site "Dusseldorf GER"]
[Date "2023.08.26"]
[Round "2.14"]
[Board "4"]
[White "Haug, Havard"]
[Black "Njoroge, Martin"]
[Result "1-0"]
[WhiteTitle "CM"]
[WhiteElo "2199"]
[BlackElo "1870"]
[WhiteTeam "Deutsche Schachjugend 1"]
[BlackTeam "Kenya Commercial Bank Chess Club"]
[WhiteFideId "1547887"]
[BlackFideId "10801952"]
[EventDate "2023.08.26"]

1. e4 c6 2. d4 d5 3. exd5 cxd5 4. Bd3 Qc7 5. c3 Nc6 6. h3 Nf6 7. Nf3 g6 8. O-O
Bg7 9. Re1 O-O 10. Na3 a6 11. Nc2 Re8 12. Ne3 Rb8 13. a4 b5 14. axb5 axb5 15. b4
Bd7 16. Bb2 Qb7 17. Nd2 e5 18. dxe5 Nxe5 19. Nb3 Nc4 20. Bxc4 dxc4 21. Nc5 Qc8
22. Ra6 Rd8 23. Qf3 Bf5 24. Rc6 Be4 25. Rxc8 Bxf3 26. Rxb8 Rxb8 27. gxf3 Rd8 28.
Rd1 Rxd1+ 29. Nxd1 Nd5 30. Ne4 Be5 31. Ne3 Nxb4 32. Ng4 Nd3 33. Nxe5 Nxe5 34.
Nd6 Nd3 35. Ba1 b4 36. cxb4 Nxb4 37. Nxc4 f5 38. Bc3 Nd5 39. Bd2 Kf7 40. f4 Ke6
41. Kg2 Nf6 42. Ne5 Nd5 43. Nf3 Kf7 44. Ng5+ Kg8 45. Kf3 Kg7 46. Ne6+ Kf7 47.
Nd4 Ke7 48. Ke2 Kf7 49. Kd3 Ke7 50. Nf3 Kf7 51. Kd4 Nf6 52. Ke5 Nd7+ 53. Kd6 Nf6
54. Ng5+ Kg8 55. Ke6 Ne8 56. Ba5 Ng7+ 57. Ke7 Nh5 58. Bd2 h6 59. Ne6 Kh8 60. Kf7
Kh7 61. Nf8+ Kh8 62. Bc3+ Nf6 63. Bxf6# 1-0

[Event "World Rapid Team 2023"]
[Site "Dusseldorf GER"]
[Date "2023.08.26"]
[Round "2.14"]
[Board "5"]
[White "Oluka Robert Mcligeyo"]
[Black "Groeschel, Karoline"]
[Result "1-0"]
[WhiteElo "2009"]
[BlackElo "1934"]
[WhiteTeam "Kenya Commercial Bank Chess Club"]
[BlackTeam "Deutsche Schachjugend 1"]
[WhiteFideId "10814647"]
[BlackFideId "34610537"]
[EventDate "2023.08.26"]

1. e4 c5 2. Nf3 a6 3. c3 d5 4. exd5 Qxd5 5. d4 e6 6. Be2 cxd4 7. Qxd4 Nf6 8.
Qxd5 exd5 9. O-O Bc5 10. Bg5 Ne4 11. Nbd2 Nxg5 12. Nxg5 h6 13. Ngf3 Nc6 14. Nb3
Ba7 15. Rad1 Be6 16. Nfd4 O-O 17. Rfe1 Rad8 18. Nxc6 bxc6 19. Bxa6 c5 20. Be2
Rb8 21. Rd2 Rfd8 22. Red1 Bb6 23. Nc1 Rd7 24. Nd3 Ra7 25. a3 Rab7 26. Bf3 Rd7
27. Ne5 Rd6 28. Nc4 Rdd8 29. Bxd5 Re8 30. Bxe6 Rxe6 31. g3 Kf8 32. Rd6 Rxd6 33.
Rxd6 Bd8 34. Rc6 Be7 35. b4 cxb4 36. axb4 Bf6 37. Nb6 Ke8 38. c4 Bc3 39. b5 Bd4
40. Nd5 Rb7 41. Kf1 Kd7 42. Nb4 Ra7 43. Na6 Rb7 44. Nc5+ Bxc5 45. Rxc5 Rb6 46.
Ke2 Rd6 47. Ke3 g6 48. Rd5 Kc7 49. Rxd6 Kxd6 50. Kd4 Kc7 51. Kd5 Kb6 52. Kd6 Kb7
53. c5 f5 54. f4 g5 55. c6+ Kc8 56. b6 gxf4 57. gxf4 h5 58. b7+ Kb8 59. c7+ Kxb7
60. Kd7 h4 61. c8=Q+ 1-0

[Event "World Rapid Team 2023"]
[Site "Dusseldorf GER"]
[Date "2023.08.26"]
[Round "2.14"]
[Board "6"]
[White "Andrade, Ruben"]
[Black "Ndirangu, Nyaruai, Joyce"]
[Result "0-1"]
[BlackTitle "WCM"]
[WhiteElo "1797"]
[BlackElo "1719"]
[WhiteTeam "Deutsche Schachjugend 1"]
[BlackTeam "Kenya Commercial Bank Chess Club"]
[WhiteFideId "16246829"]
[BlackFideId "10802886"]
[EventDate "2023.08.26"]

1. e4 c5 2. Nf3 g6 3. d4 cxd4 4. Nxd4 Bg7 5. Be3 Nc6 6. c4 d6 7. Nc3 Nf6 8. Be2
O-O 9. O-O Bd7 10. h3 a6 11. Qd2 Rb8 12. a4 Nxd4 13. Bxd4 b6 14. f4 Bc6 15. Bf3
e5 16. Be3 Qc7 17. f5 b5 18. fxg6 fxg6 19. cxb5 axb5 20. a5 b4 21. Nd5 Qb7 22.
a6 Qd7 23. a7 Rbe8 24. Nb6 Qe6 25. Qxb4 d5 26. exd5 Nxd5 27. Nxd5 e4 28. Nc7 Qe5
29. Nxe8 exf3 30. Nxg7 Qxe3+ 31. Kh1 fxg2+ 32. Kh2 gxf1=Q 33. Rxf1 Qe2+ 34. Kg3
Qg2+ 35. Kh4 g5+ 36. Kh5 Qxh3+ 37. Kxg5 Qxf1 38. Nh5 Rf5+ 39. Kh4 Qh1+ 40. Kg3
Qg2+ 41. Kh4 Qg5+ 42. Kh3 Bg2+ 43. Kh2 Qxh5+ 44. Kg1 Rf1+ 45. Kxg2 Qe2+ 46. Kg3
Qf2+ 47. Kh3 Rh1+ 48. Kg4 Rg1+ 49. Kh5 Qh2+ 50. Qh4 Qe5+ 51. Kh6 Rg6# 0-1

[Event "World Rapid Team 2023"]
[Site "Dusseldorf GER"]
[Date "2023.08.26"]
[Round "2.15"]
[Board "1"]
[White "Elier, Ali"]
[Black "Lux, Hugo de Melo"]
[Result "1-0"]
[BlackTitle "FM"]
[WhiteElo "2187"]
[BlackElo "2324"]
[WhiteTeam "Wensing & Poebel"]
[BlackTeam "Ecole Polytechnique Francaise de Lausanne"]
[WhiteFideId "16217543"]
[BlackFideId "2138298"]
[EventDate "2023.08.26"]

1. e4 c5 2. d4 cxd4 3. c3 Nf6 4. e5 Nd5 5. Nf3 Nc6 6. Bc4 Nb6 7. Bb3 d5 8. exd6
Qxd6 9. O-O Be6 10. Bxe6 Qxe6 11. Nxd4 Nxd4 12. Qxd4 Rd8 13. Qb4 g6 14. Be3 Bg7
15. Bxb6 Qxb6 16. Qxb6 axb6 17. Na3 e6 18. Rfd1 Ke7 19. Kf1 Be5 20. Nc4 Bc7 21.
a4 h5 22. h3 Rd5 23. Rxd5 exd5 24. Re1+ Kf6 25. Ne3 Rd8 26. Rd1 Ke6 27. Ke2 Be5
28. Nc2 Ra8 29. Ra1 Ra5 30. Kd3 b5 31. axb5 Rxb5 32. Re1 Kd6 33. b4 Rb6 34. Na3
Bf6 35. Re3 Rc6 36. Nb5+ Kd7 37. Kc2 Rb6 38. Na3 d4 39. Rd3 Ke6 40. cxd4 Rxb4
41. Kc3 Ra4 42. Nc4 Ra6 43. Kb4 Kd5 44. f3 Be7+ 45. Kb5 Ra1 46. Nb6+ Kd6 47.
Nc8+ Kd7 48. Nxe7 Kxe7 49. Kc5 Rc1+ 50. Kd5 Rb1 51. g4 h4 52. f4 Kd7 53. g5 Rb5+
54. Ke4 Kd6 55. Ra3 Rb1 56. Ra8 Re1+ 57. Kf3 Rg1 58. Rb8 Rg3+ 59. Ke4 Rb3 60.
Rd8+ Ke7 61. Rb8 Rb1 62. Ke5 Re1+ 63. Kd5 Rb1 64. Rh8 b5 65. Rxh4 b4 66. Rh8 b3
67. Rb8 b2 68. Rb7+ Kd8 69. Kd6 Kc8 70. Rb4 Rd1 71. Rxb2 Rxd4+ 72. Ke5 Ra4 73.
Rd2 Ra5+ 74. Rd5 Ra6 75. Rd6 Ra5+ 76. Kf6 Rf5+ 77. Kg7 Rxf4 78. Rf6 Rh4 79. Kxf7
Rxh3 80. Kxg6 Kd7 81. Kf7 Rh7+ 82. Kg8 Rh5 83. g6 Ke7 84. Rf1 Rh2 85. g7 Rg2 86.
Re1+ Kf6 87. Kf8 Ra2 88. Rf1+ Ke6 89. g8=Q+ 1-0

[Event "World Rapid Team 2023"]
[Site "Dusseldorf GER"]
[Date "2023.08.26"]
[Round "2.15"]
[Board "2"]
[White "Pak, Alexander"]
[Black "Kracht, Raphael"]
[Result "1-0"]
[WhiteElo "2170"]
[BlackElo "2158"]
[WhiteTeam "Ecole Polytechnique Francaise de Lausanne"]
[BlackTeam "Wensing & Poebel"]
[WhiteFideId "4164717"]
[BlackFideId "16214382"]
[EventDate "2023.08.26"]

1. b3 e5 2. Bb2 Nc6 3. c4 Nf6 4. e3 d5 5. cxd5 Nxd5 6. a3 Bd6 7. d3 O-O 8. Nf3
Qe7 9. Nbd2 a5 10. g3 Bg4 11. Bg2 Rad8 12. O-O Nb6 13. Qc2 Rfe8 14. Nc4 Nxc4 15.
bxc4 Qf6 16. Nd2 Qh6 17. Qb3 Ne7 18. Ne4 Ng6 19. Rfe1 Bf8 20. d4 exd4 21. exd4
Qh5 22. Rac1 b6 23. Qc3 Bh3 24. Bf3 Bg4 25. Bg2 Bh3 26. Bh1 Re7 27. Re3 Rde8 28.
Rce1 f5 29. Bf3 Bg4 30. Nd2 Bxf3 31. Nxf3 Qg4 32. d5 Rxe3 33. Rxe3 Re4 34. c5
Rxe3 35. Qxe3 Bxc5 36. Qe6+ Kh8 37. Ne5 Qd1+ 38. Kg2 Nf4+ 39. gxf4 h6 40. Qc8+
Kh7 41. Qxf5+ Kh8 42. Ng6+ Kg8 43. Qe6+ Kh7 44. Qf5 Kg8 45. Nh4 Qd2 46. Qe6+ Kh8
47. Qxh6+ 1-0